| 000 | 01557nam a22004457a 4500 | ||
|---|---|---|---|
| 001 | 16552881 | ||
| 003 | OSt | ||
| 005 | 20220610073428.0 | ||
| 008 | 160926b xxu||||| |||| 00| 0 eng d | ||
| 010 | _a 2010045666 | ||
| 020 | _a9780062015051 (trade bdg.) | ||
| 020 | _a0062015052 (trade bdg.) | ||
| 040 |
_aMMU _cMMU _dMMU _beng |
||
| 042 |
_apcc _alcac |
||
| 050 | 0 | 0 |
_aPZ7.U692 _b 2011 |
| 082 | 0 | 0 |
_a[Fic] _222 |
| 082 | 0 | 4 |
_a813.6 _a[Fic] _222 |
| 100 | 1 | _aUrsu, Anne. | |
| 245 | 1 | 0 |
_aBreadcrumbs / _cAnne Ursu ; drawings by Erin McGuire. |
| 250 | _a1st ed. | ||
| 260 |
_aNew York : _bWalden Pond Press, _c2011. |
||
| 300 |
_a312 p. : _bill. ; _c22 cm. |
||
| 520 | _a"Hazel and Jack are best friends until an accident with a magical mirror and a run-in with a villainous queen find Hazel on her own, entering an enchanted wood in the hopes of saving Jack's life" -- Provided by publisher. | ||
| 521 | 1 | _aAges 8-12. | |
| 650 | 0 |
_aMagic mirrors _vJuvenile fiction. |
|
| 650 | 0 |
_aFriendship _vJuvenile fiction. |
|
| 650 | 0 |
_aRescues _vJuvenile fiction. |
|
| 650 | 0 |
_aChildren _vJuvenile fiction. |
|
| 650 | 1 |
_aMagic _vFiction. |
|
| 650 | 1 |
_aMirrors _vFiction. |
|
| 650 | 1 |
_aBest friends _vFiction. |
|
| 650 | 1 |
_aFriendship _vFiction. |
|
| 650 | 1 |
_aRescues _vFiction. |
|
| 650 | 1 |
_aSchools _vFiction. |
|
| 655 | 7 |
_aFantasy fiction. _2gsafd |
|
| 700 | 1 |
_aMcGuire, Erin, _eill. |
|
| 906 |
_a7 _bcbc _corignew _d1 _eecip _f20 _gy-gencatlg |
||
| 942 |
_2lcc _cLOAN LOAN |
||
| 999 |
_c19152 _d19152 |
||